Statistics for University of California Campuses

Click here to take the quiz!

General Stats

  • This quiz has been taken 5,737 times
  • The average score is 6 of 10

Answer Stats

FoundedCity% Correct
1919Los Angeles
97%
1960San Diego
90%
1868Berkeley
85%
1873San Francisco
81%
1909Santa Barbara
64%
1965Irvine
61%
1908Davis
53%
1954Riverside
47%
1965Santa Cruz
42%
2005Merced
27%

Score Distribution

Percentile by Number Answered

Percent of People with Each Score

Your Score History

You have not taken this quiz